000 00475nam a2200181Ia 4500
005 20230914112754.0
008 131103s9999 xx 000 0 und d
040 _aLoreto College
041 _aEnglish
082 _aF
_bMAC
100 _aMackenzie,Compton
245 4 _aThe life and times
_b octave ten 1953 - 1963
_cCompton Mackenzie
260 _aLondon
_bChatto & Windus
_c1971
300 _a208 p.
650 _aFiction in English
850 _aLCLIB
942 _cBK
999 _c16110
_d66589